Post-Soviet Countries that Recovered the Quickest - Statistics

General Stats
  • This quiz has been taken 22 times
  • The average score is 7 of 8
Answer Stats
Date of Recovery Post-Soviet Nation % Correct
1997 Estonia
89%
2002 Kazakhstan
89%
1997 Latvia
89%
1997 Lithuania
89%
1998 Armenia
79%
2002 Azerbaijan
79%
1999 Uzbekistan
74%
2002 Turkmenistan
63%
No matching quizzes found
Score Distribution
Percent of People with Each Score
Percentile by Number Answered
Your Score History
You have not taken this quiz